000
00339nam a2200157Ia 4500
100
_a
Collins/Peter J
650
_a
Mathematics
942
_c
BK
366
_f
20
245
_a
Differential and integral equations
260
_b
Oxford university press
_c
2006
082
_a
515
_b
COL
300
_a
372
546
_a
ENGLISH
999
_c
20185
_d
20185